000 00401nam a22001697a 4500
003 NUST
005 20260416164356.0
008 260416b ||||| |||| 00| 0 eng d
020 _a0-7897-2575-4
082 _a005.133
_bNIT
100 _aNIIT
_95329
245 _aSpecial Edition using C #
_cNIIT
260 _bQUE,
_c2002.
300 _a564 p ;
_c29.5 cm
563 _aPaperback
942 _2ddc
_cBK
999 _c617143
_d617143